Rice seed multiplication program of community based rural development project (CBRDP) cooperated with farmers in kompong thom province, កម្មវិធីពង្រីកគ្រាប់ពូជស្រូវរបស់គំរោងអភិវឌ្ឍន៍សហគមន៍ំមូលដ្ឋានជនបទ សហការជាមួយកសិករ នៅក្នុងខេត្តកំពង់ធំ (Record no. 1327)
[ view plain ]
| 000 -LEADER | |
|---|---|
| fixed length control field | 00800nam a22001577a 4500 |
| 003 - CONTROL NUMBER IDENTIFIER | |
| control field | OSt |
| 005 - DATE AND TIME OF LATEST TRANSACTION | |
| control field | 20150927111254.0 |
| 008 - FIXED-LENGTH DATA ELEMENTS--GENERAL INFORMATION | |
| fixed length control field | 150927b xxu||||| |||| 00| 0 eng d |
| 040 ## - CATALOGING SOURCE | |
| Transcribing agency | RUA |
| 082 ## - DEWEY DECIMAL CLASSIFICATION NUMBER | |
| Classification number | ATM.Sp DIE 2003 B058 Or.1 |
| 100 ## - MAIN ENTRY--PERSONAL NAME | |
| 9 (RLIN) | 1412 |
| Personal name | DIEP, PISETH. |
| 245 ## - TITLE STATEMENT | |
| Title | Rice seed multiplication program of community based rural development project (CBRDP) cooperated with farmers in kompong thom province, កម្មវិធីពង្រីកគ្រាប់ពូជស្រូវរបស់គំរោងអភិវឌ្ឍន៍សហគមន៍ំមូលដ្ឋានជនបទ សហការជាមួយកសិករ នៅក្នុងខេត្តកំពង់ធំ |
| 260 ## - PUBLICATION, DISTRIBUTION, ETC. (IMPRINT) | |
| Place of publication, distribution, etc. | Phnom Penh |
| Name of publisher, distributor, etc. | RUA |
| Date of publication, distribution, etc. | 2003 |
| 300 ## - PHYSICAL DESCRIPTION | |
| Extent | 58p. |
| Other physical details | ill. |
| Dimensions | 29cm. |
| 942 ## - ADDED ENTRY ELEMENTS (KOHA) | |
| Source of classification or shelving scheme | |
| Koha item type | ATM.s |
| Price effective from | Date last seen | Permanent Location | Not for loan | Date acquired | Source of classification or shelving scheme | Koha item type | Barcode | Lost status | Damaged status | Shelving location | Withdrawn status | Current Location | Full call number |
|---|---|---|---|---|---|---|---|---|---|---|---|---|---|
| 2015-09-27 | 2015-09-27 | Library Block B | 2015-09-27 | ATM.s | RUA001540 | B058 | Library Block B | ATM.Sp DIE 2003 B058 Or.1 | |||||
| 2015-09-27 | 2015-09-27 | Library Block B | 2015-09-27 | ATM.s | RUA001236 | B058 | Library Block B | ATM.Sp DIE 2003 B058 Or.2 | |||||
| 2015-09-27 | 2015-09-27 | Library Block B | 2015-09-27 | ATM.s | RUA001164 | B058 | Library Block B | ATM.Sp DIE 2003 B058 Or.3 | |||||
| 2015-09-27 | 2015-09-27 | Library Block B | 2015-09-27 | ATM.s | RUA001086 | B058 | Library Block B | ATM.Sp DIE 2003 B058 Or.4 | |||||
| 2015-09-27 | 2015-09-27 | Library Block B | 2015-09-27 | ATM.s | RUA001292 | B058 | Library Block B | ATM.Sp DIE 2003 B058 Or.5 | |||||
| 2015-09-27 | 2015-09-27 | Library Block B | 2015-09-27 | ATM.s | RUA001436 | B058 | Library Block B | ATM.Sp DIE 2003 B058 Or.6 | |||||
| 2015-09-27 | 2015-09-27 | Library Block B | 2015-09-27 | ATM.s | RUA001397 | B058 | Library Block B | ATM.Sp DIE 2003 B058 Or.7 | |||||
| 2015-09-27 | 2015-09-27 | Library Block B | 2015-09-27 | ATM.s | RUA001160 | B058 | Library Block B | ATM.Sp DIE 2003 B058 Or.8 |